000 00509nam a2200169Ia 4500
003 GCL
008 140319s9999 xx 000 0 ara d
040 _aGCL /
_cGCL
082 0 4 _a808.83
_bع خ
100 1 _aعلى ادهم
245 1 0 _aالخطايا السبع /
_cعلى ادهم
300 _a199 ص
490 _aالهيئة العامة للاستعلامات
_v0
650 0 4 _aالادب العالمى المترجم
650 0 4 _aالقصص العالمية المترجمة
942 _2ddc
_cBK
999 _c47303
_d47303